Thi pháp truyện ngắn Thạch Lam

Thạch Lam - con người và văn nghiệp. Thi pháp nhân vật trong truyện ngắn Thạch Lam. Nghệ thuật xây dựng hình tượng không gian - thời gian trong truyện ngắn Thạch Lam. Nét đặc sắc trong cách sử dụng ngôn từ nghệ thuật truyện ngắn Thạch Lam...

وصف كامل

محفوظ في:
التفاصيل البيبلوغرافية
المؤلف الرئيسي: Phạm, Thị Ngọc Ánh
مؤلفون آخرون: Nguyễn, Phong Nam PGS.TS (Hướng dẫn)
التنسيق: كتاب
اللغة:Vietnamese
منشور في: Đà Nẵng Đại học Đà Nẵng 2011
سلاسل:Luận văn thạc sĩ khoa học xã hội và nhân văn . Chuyên ngành: Văn học Việt Nam
الموضوعات:
الوسوم: إضافة وسم
لا توجد وسوم, كن أول من يضع وسما على هذه التسجيلة!
Thư viện lưu trữ: Mạng thư viện Đại học Đà Nẵng
LEADER 01309nam a2200313 4500
001 000012643
003 8951
005 20120223080232.0
008 120223s2011 viesd
041 |a vie 
072 |a Khóa luận tốt nghiệp 
082 |a 895.922332  |b PH-A 
100 |a Phạm, Thị Ngọc Ánh 
245 |a Thi pháp truyện ngắn Thạch Lam  |c Phạm, Thị Ngọc Ánh 
260 |a Đà Nẵng  |b Đại học Đà Nẵng  |c 2011 
300 |a 132 tr.  |c 29 cm  |e tóm tắt + đia CD 
490 |a Luận văn thạc sĩ khoa học xã hội và nhân văn . Chuyên ngành: Văn học Việt Nam 
500 |a Tham khảo tr.128-132 
520 |a Thạch Lam - con người và văn nghiệp. Thi pháp nhân vật trong truyện ngắn Thạch Lam. Nghệ thuật xây dựng hình tượng không gian - thời gian trong truyện ngắn Thạch Lam. Nét đặc sắc trong cách sử dụng ngôn từ nghệ thuật truyện ngắn Thạch Lam 
653 |a Luận văn thạc sí 
700 |a Nguyễn, Phong Nam  |c PGS.TS  |e Hướng dẫn 
OWN |a LSP 
999 |a From the UDN01 
TYP |a Monograph 
TYP |a Printed language 
980 |a Mạng thư viện Đại học Đà Nẵng